000 01027nam a2200289 i 4500
003 DO-SdBNP
005 20230427092436.0
007 ta
008 210503e2018 dr aco|gr|||| 00| edspa d
020 _a9789945168945
040 _aDO-SDBNP
_bspa
_cBNPHU
_erda
082 4 _a972.9324
_bJ61h
_222
100 1 _aJiménez Prado, José,
_d1944-
_978535
245 1 0 _aHistoria de el Peñón /
_cJosé Prado Jiménez.
264 _aSanto Domingo :
_bBúho,
_c2018.
300 _a316 páginas :
_bilustraciones, retratos ;
_c23 cm.
336 _2rdacontent
_atexto
_btxt
337 _2rdamedia
_asin mediación
_bn
338 _2rdacarrier
_avolumen
_bnc
500 _aIncluye datos biográficos del autor en la solapa de la cubierta.
504 _aBibliografía : p. 315- 316
590 _aInventariado 2021 / MF
650 4 _980725
_aCiudades y pueblos
_zRepública Dominicana, Barahona
651 4 _aEl Peñon, Barahona (Barahona)
_xHistoria local
_981831
910 _aMFeliz/Validado. Control de calidad MFF
942 _2ddc
_cLBS1
999 _c49797
_d49797